000 00764 a2200169 4500
003 Nust
005 20230307095225.0
040 _cNust
082 _a355.02,DAL
100 _a Dalvi, J. P
_949054
245 _aHimalayan blunder :
_b the curtain-raiser to the Sino-Indian War of 1962 /
_cName: Dalvi, J. P
260 _aBombay,
_bThacker,
_c 1969.
300 _axxi, 506 p. illus
_b. col. maps (part fold.),
_c ports. 23 cm.
505 _aPart.1 The Year of Credulity and Negligence (Page-1), Part.2 The Fateful Year -1962 (Page-107), Part.3 On to the Namka CHU (Page-165), Part.4 The End of Make – Believe (Page-245), Part.5 The Battle at the Namka CHA River (Page-307), Part.6 The reason (Page-397).
650 _aHimalayan blunder;
_9109918
942 _2ddc
_cBK
999 _c185213
_d185213